संस्कृति, भाषा और राष्ट्र / (Record no. 17274)

MARC details
000 -LEADER
fixed length control field 01415nam a22002777a 4500
005 - DATE AND TIME OF LATEST TRANSACTION
control field 20081029101444.0
008 - FIXED-LENGTH DATA ELEMENTS--GENERAL INFORMATION
fixed length control field 081029t xxu||||| |||| 00| 0 hin d
010 ## - LCCN (DPL NO)
LC control number HIN-84529
020 ## - INTERNATIONAL STANDARD BOOK NUMBER
International Standard Book Number 9788180313295
Terms of availability 400.00
035 ## - SYSTEM CONTROL NUMBER
System control number HN-56875
037 ## - SOURCE OF ACQUISITION
Source of stock number/acquisition DBAD / PUB
040 ## - CATALOGING SOURCE
Original cataloging agency DPL
Language of cataloging HN
082 ## - DEWEY DECIMAL CLASSIFICATION NUMBER
Classification number 306.44
100 ## - MAIN ENTRY--PERSONAL NAME
Personal name रामधारी सिंह दिनकर
245 ## - TITLE STATEMENT
Title संस्कृति, भाषा और राष्ट्र /
Statement of responsibility, etc रामधारी सिंह दिनकर
246 ## - VARYING FORM OF TITLE
Title proper/short title Sanskriti,Bhaashaa aur Raashtra
Remainder of title by Ramdhari Singh Dinkar
260 ## - PUBLICATION, DISTRIBUTION, ETC. (IMPRINT)
Place of publication, distribution, etc इलाहाबाद
Name of publisher, distributor, etc लोकभारती प्रकाशन
Date of publication, distribution, etc 2008
270 ## - ADDRESS
Address पहली मंजिल, दरबारी बिल्डिंग, महात्मा गांधी मार्ग
City इलाहाबाद
Postal code 211001
Electronic mail address info@lokbharatiprakashan.com
300 ## - PHYSICAL DESCRIPTION
Extent 291पृ
Dimensions 22सेमी (सजिल्द)
650 ## - SUBJECT ADDED ENTRY--TOPICAL TERM
Topical term or geographic name as entry element भारतीय संस्कृति
650 ## - SUBJECT ADDED ENTRY--TOPICAL TERM
Topical term or geographic name as entry element Indian culture
650 ## - SUBJECT ADDED ENTRY--TOPICAL TERM
Topical term or geographic name as entry element हिन्दी भाषा
General subdivision इतिहास
650 ## - SUBJECT ADDED ENTRY--TOPICAL TERM
Topical term or geographic name as entry element Hindi language
General subdivision History
942 ## - ADDED ENTRY ELEMENTS (KOHA)
Source of classification or shelving scheme Dewey Decimal Classification
Item type Hindi Books
Call number suffix रामधा
Classification part 306.44
Holdings
Withdrawn status Lost status Source of classification or shelving scheme Damaged status Not for loan Collection code Home library Current library Date acquired Source of acquisition Cost, normal purchase price Total Checkouts Full call number Barcode Date last seen Copy number Cost, replacement price Koha item type
    Dewey Decimal Classification   Not For Loan Non-fiction D.B.Act.Division D.B.Act.Division 29/10/2008 DBAD / PUB 400.00   306.44 रामधा HN-56875 29/10/2008 1 400.00 Hindi Books

© Delhi Public Library
Hit Counter
free hit counter